000 00994nam a22003017a 4500
001 BR8206325
003 BR-BrBNA
005 20230928091505.0
007 ta
008 230509b bl.||||| |||| 00| 0 por d
040 _aBR-BrBNA
_bpor
_cBiblioteca Nacional de Agricultura
041 _a(Por)
072 _aF70
_b/G514
090 _ F70 BR8206325
100 1 _aPorto, K.C.
110 1 _aUniversidade Federal Rural de Pernambuco, Recife (Brasil)
_0Tese (Mestrado de Botanica)
245 1 _aMyxomycetes da mata de Dois Irmaos [Recife, Pernambuco, Brasil]
260 3 _aRecife, PE (Brasil):
_c1982.
300 _a369 p.
500 _aBibliography p. 357-369 (96 ref.); Summaries (Eng, Por). (*) Documento disponível na(o) Universidade Federal Rural de Pernambuco, Recife (Brazil)
650 _aMIXOMICETO
650 _aBOTANICA
650 _aDISTRIBUICAO GEOGRAFICA
650 _aPERNAMBUCO
650 _aREGIAO NORDESTE
909 _a202309
_bLucia
_c55
_dLucia Elande
942 _cBK
999 _c34084
_d34084